000 00872cam a22003017a 4500
003 CHAP
005 20220329134724.0
008 971013s1981 us a r 00010 eng d
010 _a24823
011 _a25795
035 _a29895
040 _cCHAP
082 0 4 _a589.3
_bB6
100 0 0 _aBrook, Alan J.
_915555
245 1 4 _aThe biology of desmids
260 _aBerkeley :
_bUniversity of California,
_c1981
300 _a276 p.
_b: ilus.
490 0 _aBotanical monographs
_v; 16
590 _aBATCH-UPD
_b10
_c20130110
_lUCH01
_h0330
590 _aBATCH-UPD
_b10
_c20130110
_lUCH01
_h2121
590 _aCONVERSION
_b10
_c20130109
_lUCH01
_h1314
650 1 4 _aAlgas.
_93947
650 1 4 _aDesmidiaceae.
_932162
830 0 _aBotanical monographs
_v; 16
_914449
901 _aBK
942 _cLIBRO
949 _a589.3 B6
_bBC
_cLIBRO
_d33724000375143
_eLIBRO
_h57430
_i29895
_si
999 _c24823
_d24823